000
00324nam a2200133Ia 4500
008
230917s9999||||xx |||||||||||||| ||und||
040
_e
144072
_a
MAIN
041
_a
English
082
_a
954.03 K462P
100
_a
Kerr, Ian Johntone
245
0
_a
Punjab Pronnce and the lahore district
300
_a
471p. p.
942
_c
BK
999
_c
49011
_d
49011